<?xml version="1.0" encoding="UTF-8"?>
<record
    xmlns:xsi="http://www.w3.org/2001/XMLSchema-instance"
    xsi:schemaLocation="http://www.loc.gov/MARC21/slim http://www.loc.gov/standards/marcxml/schema/MARC21slim.xsd"
    xmlns="http://www.loc.gov/MARC21/slim">

  <leader>01705nam a22002537a 4500</leader>
  <controlfield tag="003">OSt</controlfield>
  <controlfield tag="005">20250505195800.0</controlfield>
  <controlfield tag="008">250505b           ||||| |||| 00| 0 spa d</controlfield>
  <datafield tag="020" ind1=" " ind2=" ">
    <subfield code="a">9789585214736</subfield>
  </datafield>
  <datafield tag="040" ind1=" " ind2=" ">
    <subfield code="c">CO-Mq BPB</subfield>
  </datafield>
  <datafield tag="041" ind1=" " ind2=" ">
    <subfield code="a">spa</subfield>
  </datafield>
  <datafield tag="082" ind1=" " ind2=" ">
    <subfield code="a">JN</subfield>
    <subfield code="b">CAMm</subfield>
  </datafield>
  <datafield tag="100" ind1=" " ind2=" ">
    <subfield code="a">Cameron, W. Bruce</subfield>
    <subfield code="d">1960</subfield>
    <subfield code="e">autor</subfield>
  </datafield>
  <datafield tag="245" ind1=" " ind2=" ">
    <subfield code="a">Tu Mejor Amigo</subfield>
  </datafield>
  <datafield tag="264" ind1=" " ind2=" ">
    <subfield code="a">Penguin Random House;</subfield>
    <subfield code="b">Bogot&#xE1;;</subfield>
    <subfield code="c">2022</subfield>
  </datafield>
  <datafield tag="300" ind1=" " ind2=" ">
    <subfield code="a">318 p&#xE1;ginas;</subfield>
    <subfield code="b">Tapa rustica</subfield>
    <subfield code="c">19 cm</subfield>
  </datafield>
  <datafield tag="490" ind1=" " ind2=" ">
    <subfield code="a">la pel&#xED;cula basada en la novela, la raz&#xF3;n de estar contigo</subfield>
  </datafield>
  <datafield tag="521" ind1=" " ind2=" ">
    <subfield code="a">Una conmovedora historia que abrir&#xE1; los corazones de todas aquellas personas que la lean. No se puede parar de leer esta novela. Un relato que te hace re&#xED;r, llorar, pensar. No es tan solo una historia con un perro como protagonista, es una lecci&#xF3;n de amistad y de amor incondicional. Aqu&#xED; se aprende que todos, cada criatura de la creaci&#xF3;n, ha nacido con alg&#xFA;n prop&#xF3;sito. Recomendado del librero. La raz&#xF3;n de estar contigo Por W Bruce Cameron ,Reconfortante, profunda y repleta de momentos de felicidad y risas, La raz&#xF3;n de estar contigo no es tan solo la historia emotiva de las m&#xFA;ltiples vidas de un perro, es tambi&#xE9;n la narraci&#xF3;n de las relaciones de los humanos vistas desde los ojos de un perro y de los inquebrantables nexos que existen entre el hombre y su mejor amigo. Esta conmovedora historia nos ense&#xF1;ar&#xE1; que el amor nunca muere, que nuestros verdaderos amigos estar&#xE1;n siempre a nuestro lado y que cada criatura en la Tierra ha nacido con alg&#xFA;n prop&#xF3;sito.</subfield>
  </datafield>
  <datafield tag="650" ind1=" " ind2=" ">
    <subfield code="a">Amistad y de amor incondicional</subfield>
  </datafield>
  <datafield tag="650" ind1=" " ind2=" ">
    <subfield code="a">historia emotiva</subfield>
  </datafield>
  <datafield tag="650" ind1=" " ind2=" ">
    <subfield code="a">Relaci&#xF3;n humanos- perros</subfield>
  </datafield>
  <datafield tag="700" ind1=" " ind2=" ">
    <subfield code="a">Isern, Carol</subfield>
    <subfield code="e">traductora</subfield>
  </datafield>
  <datafield tag="942" ind1=" " ind2=" ">
    <subfield code="2">ddc</subfield>
    <subfield code="c">BKLIT</subfield>
  </datafield>
  <datafield tag="999" ind1=" " ind2=" ">
    <subfield code="c">15922</subfield>
    <subfield code="d">15922</subfield>
  </datafield>
  <datafield tag="952" ind1=" " ind2=" ">
    <subfield code="0">0</subfield>
    <subfield code="1">0</subfield>
    <subfield code="2">ddc</subfield>
    <subfield code="4">0</subfield>
    <subfield code="7">0</subfield>
    <subfield code="8">LJ</subfield>
    <subfield code="a">BPMOS</subfield>
    <subfield code="b">BPMOS</subfield>
    <subfield code="c">FIC</subfield>
    <subfield code="d">2025-05-05</subfield>
    <subfield code="e">Compra 2024</subfield>
    <subfield code="i">NT</subfield>
    <subfield code="l">1</subfield>
    <subfield code="o">JN CAMm</subfield>
    <subfield code="p">MOS504371</subfield>
    <subfield code="q">2025-11-22</subfield>
    <subfield code="r">2025-11-05</subfield>
    <subfield code="s">2025-11-05</subfield>
    <subfield code="t">Ej.1</subfield>
    <subfield code="w">2025-05-05</subfield>
    <subfield code="y">BKLIT</subfield>
    <subfield code="z">Quince dias</subfield>
  </datafield>
</record>
